Land Administration and Management projects in Europe and Central Asia (Record no. 116216)

MARC details
000 -LEADER
fixed length control field 01659cad a22003135a 4500
001 - CONTROL NUMBER
control field L160100
008 - FIXED-LENGTH DATA ELEMENTS--GENERAL INFORMATION
fixed length control field 100611s2009 xxk f 000 0 eng d
035 ## - SYSTEM CONTROL NUMBER
System control number (Sirsi) u160100
041 0# - LANGUAGE CODE
Language code of text/sound track or separate title eng
110 2# - MAIN ENTRY--CORPORATE NAME
Corporate name or jurisdiction name as entry element Federation International Des Geometres
111 2# - MAIN ENTRY--MEETING NAME
Meeting name or jurisdiction name as entry element FIG / World Bank Conference Washington DC, USA
Date of meeting or treaty signing 9 - 10 March 2009
245 00 - TITLE STATEMENT
Title Land Administration and Management projects in Europe and Central Asia
Remainder of title Experience, lessons learnt and the future agenda
Medium [electronic resource]
260 ## - PUBLICATION, DISTRIBUTION, ETC.
Place of publication, distribution, etc. Washington
Name of publisher, distributor, etc. FIG
Date of publication, distribution, etc. 2009
520 ## - SUMMARY, ETC.
Summary, etc. Evaluates the impact the World Bank has had with projects focused on Land Adminstration and Management (LAM) in the Europe and Central Asia (ECA) and assesses what still needs to be done. In the ECA region there has been a major reform in the LAM sector because of the political changes that occurred following the collapse of socialism in the late 1980s to early 1990s. The World Bank has been in the forefront of assisting countries with their land reform throughout the region over the past 15 years. Many countries have made remarkable progress and some have gained EU membership status.
521 ## - TARGET AUDIENCE NOTE
Target audience note Advanced
590 ## - LOCAL NOTE (RLIN)
Local note KA
650 24 - SUBJECT ADDED ENTRY--TOPICAL TERM
Topical term or geographic name entry element LAND ADMINISTRATION
650 24 - SUBJECT ADDED ENTRY--TOPICAL TERM
Topical term or geographic name entry element LAND REFORM
651 #4 - SUBJECT ADDED ENTRY--GEOGRAPHIC NAME
Geographic name Europe
651 #4 - SUBJECT ADDED ENTRY--GEOGRAPHIC NAME
Geographic name Asia
690 ## - LOCAL SUBJECT ADDED ENTRY--TOPICAL TERM (OCLC, RLIN)
Topical term or geographic name as entry element Land use
9 (RLIN) 6251
700 1# - ADDED ENTRY--PERSONAL NAME
Personal name Adlington, G.
700 1# - ADDED ENTRY--PERSONAL NAME
Personal name Stanley, Victoria
700 1# - ADDED ENTRY--PERSONAL NAME
Personal name Satana, Suha
700 1# - ADDED ENTRY--PERSONAL NAME
Personal name Baldwin, Richard
700 1# - ADDED ENTRY--PERSONAL NAME
Personal name Palmissano, Maria
856 40 - ELECTRONIC LOCATION AND ACCESS
Uniform Resource Identifier <a href="https://www.rics.org/Global/Downloads/Experience_from_10_Years_of_Improving_Land_Administration_in_ECA.pdf">https://www.rics.org/Global/Downloads/Experience_from_10_Years_of_Improving_Land_Administration_in_ECA.pdf</a>
Public note View the document free of charge at www.rics.org
942 ## - ADDED ENTRY ELEMENTS (KOHA)
Suppress in OPAC 0
Holdings
Withdrawn status Lost status Source of classification or shelving scheme Damaged status Not for loan Home library Current library Shelving location Date acquired Total Checkouts Full call number Barcode Date last seen Copy number Price effective from Koha item type
    Dewey Decimal Classification     Virtual Virtual Online 23/05/2018   ONLINE PUBLICATION 160100-2001 06/08/2019 1 06/08/2019 Book